00716nam a2200229 a 450000100060000000300080000600500170001400800410003103500190007204000510009104100080014208200240015010000320017424501020020625000120030826000320032030000330035250000200038560000310040565000160043670000340045243911BD-RjUL20211209053753.0160629s1953 nyua 001 0 eng  a(BD-RjUL)44029 aDLCcTxU-DadOCoLCdMoSU-LdNBuUdBD-RjULbeng aeng a321.8223bMAC 19531 aMadison, James,d1751-1836.14aThe complete Madison :bhis basic writings /cedited and with an introduction by Saul K. Padover. a1st ed. aNew York :bHarper,cc1953. aix, 361 p. :bill. ;c21 cm. aIncludes index. aMadison, James,d1751-1836 aFederalisme1 aPadover, Saul Kussiel,d1905-